000 00348nam a2200169Ia 4500
100 _aFreeman/Eric/ Robson/E
650 _aHTML
942 _cBK
366 _f25
654 _aHTML
245 _aHeadfirst HTML 5 Programming
260 _bSPD
_c2011
082 _a5.133
_bFRE
300 _a573
546 _aENGLISH
_celectronics
999 _c29581
_d29581